Turbulence effects on volatilization rates of liquids and solutes /
Salvato in:
| Altri autori: | , , , |
|---|---|
| Natura: | Articolo |
| Lingua: | English |
| Soggetti: | |
| Tags: |
Aggiungi Tag
Nessun Tag, puoi essere il primo ad aggiungerne! !
|
| Thư viện lưu trữ: | Thư viện Trường Đại học Đà Lạt |
|---|
| LEADER | 01008nam a2200349 4500 | ||
|---|---|---|---|
| 001 | DLU090094877 | ||
| 005 | ##20091201 | ||
| 040 | # | # | |a DLU |b eng |
| 041 | # | # | |a eng |
| 044 | # | # | |a us |
| 245 | # | # | |a Turbulence effects on volatilization rates of liquids and solutes / |c Jiunn-Fwu Lee ... [et al.]. |
| 653 | # | # | |a Air pollution |
| 653 | # | # | |a Hydrocarbon |
| 653 | # | # | |a Mass transfer |
| 653 | # | # | |a Organic compounds |
| 653 | # | # | |a Turbulence |
| 653 | # | # | |a Volatilization |
| 653 | # | # | |a Water pollution |
| 700 | # | # | |a Chao, Huan-Ping. |
| 700 | # | # | |a Chiou, Cary T. |
| 700 | # | # | |a Lee, Jiunn-Fwu. |
| 700 | # | # | |a Manes, Milton. |
| 773 | # | # | |t Environmental Science & Technology |g Vol. 38, no. 16 (August 2004), p. 4327-4333 |
| 920 | # | # | |a Phòng Tạp chí -- Trung tâm Thông tin - Thư viện Trường Đại học Đà Lạt |
| 994 | # | # | |a DLU |
| 900 | # | # | |a True |
| 911 | # | # | |a Trương Bảo Trâm Anh |
| 925 | # | # | |a G |
| 926 | # | # | |a A |
| 927 | # | # | |a BB |
| 980 | # | # | |a Thư viện Trường Đại học Đà Lạt |